轨道交通标志色大赏——杭州、绍兴篇 - Statistics

General Stats
  • This quiz has been taken 35 times
  • The average score is 14 of 15
Answer Stats
标志色 线路 % Correct
E8384A 1号线
100%
4ACBE5 19号线
100%
E17901 2号线
100%
FFCF23 3号线
100%
60C04B 4号线
100%
00AFC8 5号线
100%
0077CF 6号线
100%
C5003E 绍兴1号线
97%
307FE2 绍兴2号线
97%
790F8E 7号线
97%
FFAA52 16号线
94%
C45B03 9号线
94%
A80D4D 8号线
91%
DAAA00 10号线
84%
0077C8 杭海城际
81%
No matching quizzes found
Score Distribution
Percent of People with Each Score
Percentile by Number Answered
Your Score History
You have not taken this quiz